Repetitórium teórie štátu
Na minha lista:
| Autor principal: | |
|---|---|
| Formato: | Livro |
| Idioma: | eslovaco |
| Publicado em: |
Bratislava
Iuris Libri
2022
|
| Edição: | 1. vydanie |
| Assuntos: | |
| Tags: |
Sem tags, seja o primeiro a adicionar uma tag!
|
MARC
| LEADER | 00000nam a2200000 4500 | ||
|---|---|---|---|
| 001 | 0307936 | ||
| 005 | 20250414125226.8 | ||
| 020 | |a 978-80-89635-51-1 | ||
| 041 | 0 | |a slo | |
| 044 | |a SK | ||
| 245 | 1 | 0 | |a Repetitórium teórie štátu |c Dominik Šoltys |
| 250 | |a 1. vydanie | ||
| 264 | 1 | |a Bratislava |b Iuris Libri |c 2022 | |
| 300 | |a 140 s. | ||
| 610 | 2 | 0 | |a štát |
| 610 | 2 | 0 | |a spoločnosť občianska |
| 610 | 2 | 0 | |a moc politická |
| 610 | 2 | 0 | |a moc verejná |
| 610 | 2 | 0 | |a moc štátna |
| 610 | 2 | 0 | |a samospráva |
| 610 | 2 | 0 | |a ústava |
| 610 | 2 | 0 | |a práva ľudské |
| 610 | 2 | 0 | |a vláda |
| 610 | 2 | 0 | |a systémy politické |
| 610 | 2 | 0 | |a demokracia |
| 100 | 1 | |a Šoltys, Dominik | |